| 000 | 00873cad a22002175a 4500 | ||
|---|---|---|---|
| 001 | L151439 | ||
| 008 | 101105s2010 xxkbd f s 000 0 eng d | ||
| 035 | _a(Sirsi) u151439 | ||
| 041 | 0 | _aeng | |
| 050 | 0 | 4 | _a344.41065 $2 18 |
| 110 | 2 |
_aGreat Britain _bHealth and Safety Executive |
|
| 245 | 0 | 0 |
_aHealth and safety statistics 2009/10 _h[electronic resource] |
| 260 |
_a[S.l.] _bHealth and Safety Executive _c2010 |
||
| 520 | _aPresents key facts, work-related ill health, workplace injuries, enforcement, countries and regions, industry sectors, occupation groups, progress since 2000, and sources and definitions. | ||
| 521 | _aAdvanced | ||
| 590 | _aKA NTK | ||
| 651 | 4 |
_aGreat Britain _y1707- |
|
| 690 |
_aHealth and safety _96244 |
||
| 856 | 4 | 0 |
_uhttps://www.hse.gov.uk/statistics/overall/hssh0910.pdf _zView the item free of charge at www.hse.gov.uk |
| 942 | _n0 | ||
| 999 |
_c111365 _d111365 |
||